<?xml version="1.0" encoding="UTF-8"?><?xml-stylesheet type="text/xsl" href="static/style.xsl"?><OAI-PMH xmlns="http://www.openarchives.org/OAI/2.0/" xmlns:xsi="http://www.w3.org/2001/XMLSchema-instance" xsi:schemaLocation="http://www.openarchives.org/OAI/2.0/ http://www.openarchives.org/OAI/2.0/OAI-PMH.xsd"><responseDate>2026-06-03T05:40:20Z</responseDate><request verb="GetRecord" identifier="oai:riuma.uma.es:10630/23558" metadataPrefix="marc">https://riuma.uma.es/rest/oai/request</request><GetRecord><record><header><identifier>oai:riuma.uma.es:10630/23558</identifier><datestamp>2026-02-03T11:54:22Z</datestamp><setSpec>com_10630_2254</setSpec><setSpec>col_10630_37959</setSpec></header><metadata><record xmlns="http://www.loc.gov/MARC21/slim" xmlns:dcterms="http://purl.org/dc/terms/" xmlns:doc="http://www.lyncode.com/xoai" xmlns:xsi="http://www.w3.org/2001/XMLSchema-instance" xsi:schemaLocation="http://www.loc.gov/MARC21/slim http://www.loc.gov/standards/marcxml/schema/MARC21slim.xsd">
   <leader>00925njm 22002777a 4500</leader>
   <datafield ind2=" " ind1=" " tag="042">
      <subfield code="a">dc</subfield>
   </datafield>
   <datafield ind2=" " ind1=" " tag="720">
      <subfield code="a">Gámez-Valenzuela, Sergio</subfield>
      <subfield code="e">author</subfield>
   </datafield>
   <datafield ind2=" " ind1=" " tag="720">
      <subfield code="a">Torres Moya, Iván</subfield>
      <subfield code="e">author</subfield>
   </datafield>
   <datafield ind2=" " ind1=" " tag="720">
      <subfield code="a">Ruiz-Delgado, María del Carmen</subfield>
      <subfield code="e">author</subfield>
   </datafield>
   <datafield ind2=" " ind1=" " tag="720">
      <subfield code="a">Prieto, Pilar</subfield>
      <subfield code="e">author</subfield>
   </datafield>
   <datafield ind2=" " ind1=" " tag="720">
      <subfield code="a">Ponce-Ortiz, Rocío</subfield>
      <subfield code="e">author</subfield>
   </datafield>
   <datafield ind2=" " ind1=" " tag="260">
      <subfield code="c">2021-12</subfield>
   </datafield>
   <datafield ind2=" " ind1=" " tag="520">
      <subfield code="a">Organic semiconductors have emerged as an important class of materials that offer interesting  prospects for high throughput, low-cost and flexible electronic circuits. Nevertheless, high performance electron-transporting (n-type) semiconductors are still rare compared to their high efficiency hole-transporting (p-type) counterparts. In this sense, the development of high-mobility and &#xd;
environmentally stable n-type materials for thin-film transistors has experienced a tremendous impetus in the last decade. Naphthalene-diimides (NDIs), perylene-diimides (PDIs) and their derivatives have demonstrated great potential as n-type semiconductors in Organic Field-Effect Transistors (OFETs).&#xd;
In this project, a mixed experimental and theoretical study of four new semiconductors (Figure 1) has been carried out with the aim to explore the impact of the following effects on the electronic and charge-transport properties: (i) the extension of the conjugated platform, going from a shorter conjugated core in naphthalene-diimides to a larger conjugated core in perylenediimides, (ii) the different donor units attached to the cores. For that, IR, UV-Vis absorption spectroscopy, and spectroelectrochemical measurements have been used in combination with theoretical calculations based on the Density Functional Theory (DFT). In addition, the four studied compounds have been implemented in OFETs , to assess their potential as active materials in organic electronics.</subfield>
   </datafield>
   <datafield ind1="8" ind2=" " tag="024">
      <subfield code="a">https://hdl.handle.net/10630/23558</subfield>
   </datafield>
   <datafield tag="653" ind2=" " ind1=" ">
      <subfield code="a">Semiconductores orgánicos</subfield>
   </datafield>
   <datafield tag="653" ind2=" " ind1=" ">
      <subfield code="a">Transistores de efecto de campo</subfield>
   </datafield>
   <datafield ind2="0" ind1="0" tag="245">
      <subfield code="a">Untangling the electronic and charge transport properties of new Naphthalene and Perylene Diimides based-semiconductors</subfield>
   </datafield>
</record>
</metadata></record></GetRecord></OAI-PMH>